[Event "4ème Open de Salon de Provence"]
[Site "Salon de Provence"]
[Date "2009.04.28"]
[Round "7.6"]
[White "Ayala, Benjamin"]
[Black "Porte, Jacques"]
[Result "1-0"]
[WhiteElo "1600"]
[BlackElo "1580"]
[PlyCount "63"]
[EventDate "2009.??.??"]

1. e4 e5 2. Nf3 d6 3. Bc4 Be7 4. d3 Nf6 5. Nc3 c6 6. Bd2 Bg4 7. h3 Bh5 8. g4
Bg6 9. Ne2 h6 10. Ng3 a5 11. Nf5 Bxf5 12. gxf5 b5 13. Bxf7+ Kxf7 14. Nh4 Nbd7
15. Rg1 Rg8 16. Qf3 Nf8 17. O-O-O Ke8 18. Ng6 Kd7 19. Be3 Nxg6 20. Rxg6 a4 21.
d4 d5 22. dxe5 Nxe4 23. Qxe4 Kc7 24. Qd4 Ra6 25. Qg4 Ra8 26. Rxg7 Qf8 27. Bxh6
Rh8 28. Qg5 Kd8 29. f6 Ra7 30. fxe7+ Rxe7 31. Rxe7 Rxh6 32. Rf7+ 1-0

[Event "4ème Open de Salon de Provence"]
[Site "Salon de Provence"]
[Date "2009.04.28"]
[Round "7.7"]
[White "Farjon, Yves"]
[Black "Ducrocq, Christophe"]
[Result "1-0"]
[WhiteElo "1592"]
[BlackElo "1399"]
[PlyCount "83"]
[EventDate "2009.??.??"]

1. e4 e5 2. Nf3 Nc6 3. Bb5 Bc5 4. O-O Qf6 5. c3 Nge7 6. d3 O-O 7. Bg5 Qe6 8. d4
exd4 9. cxd4 Bxd4 10. Nxd4 Qe5 11. Bxe7 Nxe7 12. Nc3 d5 13. f4 Qd6 14. e5 Qd8
15. Qh5 c6 16. Bd3 g6 17. Qf3 Qb6 18. Qf2 c5 19. Nf3 Bd7 20. Rab1 Bc6 21. b4 c4
22. Qxb6 axb6 23. Bc2 b5 24. Nd4 Ra3 25. Rf3 Rfa8 26. Rb2 Bd7 27. h3 h5 28. Bb1
R8a7 29. Kf2 Kg7 30. Ndxb5 Bxb5 31. Nxb5 Rxf3+ 32. Kxf3 Ra8 33. Rd2 Rd8 34. a4
Nf5 35. Bxf5 gxf5 36. a5 Kg6 37. Nd6 Rd7 38. Rxd5 Rc7 39. Rd2 Rd7 40. Rc2 f6
41. Rxc4 fxe5 42. fxe5 1-0

[Event "4ème Open de Salon de Provence"]
[Site "Salon de Provence"]
[Date "2009.04.28"]
[Round "7.8"]
[White "Sanchez, Frederic"]
[Black "Lepeigneux, Jean-Jacques"]
[Result "1-0"]
[WhiteElo "1300"]
[BlackElo "1600"]
[PlyCount "106"]
[EventDate "2009.??.??"]

1. d4 f5 2. Bf4 Nf6 3. e3 e6 4. Nf3 b6 5. h3 Bb7 6. Nbd2 h6 7. Bh2 d6 8. Nb3
Nbd7 9. Rg1 Qe7 10. Be2 O-O-O 11. Nfd2 g6 12. Bf3 Ne4 13. Be2 Qh4 14. Nxe4 Bxe4
15. Bf3 Nf6 16. Bg3 Qg5 17. h4 Bxf3 18. Qxf3 Qg4 19. Qa8+ Kd7 20. Qxa7 Ne4 21.
Be5 dxe5 22. dxe5 Qxh4 23. g3 Qe7 24. Qa4+ c6 25. Rd1+ Ke8 26. Rxd8+ Qxd8 27.
Qxc6+ Kf7 28. Nd4 Qe7 29. Qxb6 Qb4+ 30. Qxb4 Bxb4+ 31. c3 Ba5 32. b4 Bc7 33. f4
Nxc3 34. a3 Ra8 35. Nc2 Nb5 36. Ke2 Ke7 37. g4 fxg4 38. Rxg4 g5 39. Rg1 Rg8 40.
Kd3 Bb6 41. a4 Nc7 42. a5 Ba7 43. Rb1 Rb8 44. Nd4 Bxd4 45. Kxd4 gxf4 46. exf4
Nd5 47. b5 h5 48. b6 h4 49. Rh1 Nxf4 50. Rxh4 Ng6 51. Rh7+ Kf8 52. Ra7 Nf4 53.
b7 Kf7 1-0

[Event "4ème Open de Salon de Provence"]
[Site "Salon de Provence"]
[Date "2009.04.28"]
[Round "7.9"]
[White "Person, Claude"]
[Black "Bourlet, Eric"]
[Result "1-0"]
[WhiteElo "1530"]
[BlackElo "1499"]
[PlyCount "63"]
[EventDate "2009.??.??"]

1. d4 e6 2. e4 b6 3. Be2 Bb7 4. Bf3 Nc6 5. e5 d5 6. a3 Be7 7. Nh3 Nh6 8. c3 Nf5
9. g3 Na5 10. b3 Ba6 11. Nd2 c5 12. Nf1 Nc6 13. Ne3 Nxe3 14. Bxe3 Qc7 15. Be2
Bxe2 16. Kxe2 Qb7 17. f4 Rc8 18. Kf3 O-O 19. Nf2 cxd4 20. cxd4 Rc7 21. b4 Rfc8
22. Kg2 a5 23. b5 Na7 24. a4 Rc2 25. Rc1 Qc7 26. Kh3 Qc3 27. Qe1 Ba3 28. Qxc3
R8xc3 29. Rxc2 Rxc2 30. Nd1 Ra2 31. Nc3 Re2 32. Nxe2 1-0